000 01675cam a2200181 4500500
005 20260405004827.0
041 _afre
042 _adc
100 1 0 _aDeswaziere, Alix
_eauthor
700 1 0 _aRavit, Magali
_eauthor
245 0 0 _aPages de début
260 _c2025.
500 _a11
520 _aÀ la lumière de la clinique contemporaine, nous souhaitons présenter une médiation spécifique en appui sur le tissage relationnel du « vivant non-humain », dans un cadre de recherche clinique. Le dispositif de médiation équine à destination des adolescents judiciarisés vient ouvrir les portes de l’inédit chez des jeunes se situant dans l’évitement de toute modalité d’emprise, qui plus est, vivant la relation de soin comme une contrainte. Nous verrons comment la rythmicité des interactions avec le cheval remobilise les liens entre adolescents, éducateurs et psychologues, et ceci à partir et au-delà de l’imitation.
520 _aContemporary clinical research is increasingly turning to the “non-human living” in mediation. Offering equine mediation to teenagers in conflict with the law opens the door to new perspectives for young people escaping confinement and control, experiencing the care relationship as coercion. In the rhythmicity of interactions in the presence of the horse, the bonds between teenagers, educators and psychologists seem to take on a dimension beyond imitation.
786 0 _nNouvelle Revue de l'Enfance et de l'Adolescence | 12 | 2 | 2025-12-16 | p. 3-10 | 2644-9633
856 4 1 _uhttps://shs.cairn.info/revue-nouvelle-revue-de-lenfance-et-de-ladolescence-2025-2-page-3?lang=fr&redirect-ssocas=7080
999 _c2078613
_d2078613